Časovo sudoptimálne riadenie so šírkovo modulovanou akčnou veličinou pre konpenzáciu dopravného oneskorenia

Na minha lista:
Detalhes bibliográficos
Autor principal: Melicher, Marián (Author)
Outros Autores: Sovišová, Danica, 1947- (Thesis advisor)
Formato: Manuscrito Livro
Idioma:eslovaco
Publicado em: Bratislava : STU v Bratislave FEI, 2005
Assuntos:
Tags: Adicionar Tag
Sem tags, seja o primeiro a adicionar uma tag!

MARC

LEADER 00000ntm a22000003a 4500
001 stu108180
005 20160719165012.5
008 060210s2005----xo------------------slo-d
040 |a STU  |b slo 
041 0 |a slo 
044 |a xo 
100 1 |a Melicher, Marián  |4 aut 
245 1 |a Časovo sudoptimálne riadenie so šírkovo modulovanou akčnou veličinou pre konpenzáciu dopravného oneskorenia 
260 |a Bratislava :  |b STU v Bratislave FEI,  |c 2005 
300 |a 89 s 
650 7 |a automatizácia  |2 stusub 
700 1 |a Sovišová, Danica,  |d 1947-  |4 ths  |u E1110  |U FEI Ústav robotiky a kybernetiky  |T FEI Automatizácia a regulácia  |X 4463  |U E1110  |Y 57  |7 A000004463